Responses for show #4641 - Monday, November 8, 2004

Ken Jennings game 69.

Contestants

[<< previous game]

Jennifer Peebles, a newspaper editor from Madison, Tennessee

Robert Kirkpatrick, an animator from Miami Beach, Florida

Ken Jennings, a software engineer from Salt Lake City, Utah (whose 68-day cash winnings total $2,305,801)

[next game >>]

Jeopardy! Round responses

THE TRUMAN LIBRARY
(Alex: Former President Truman.)
DO "TELL"
BOTTOM OF THE NINTH
IF YOU GROW IT, THEY WILL EAT
CHAMPAGNE MUSIC
SHALL WE GDANSK?
    $200 16
Margaret Truman

Jennifer
    $200 6
STELLA!

Ken
    $200 1
Beethoven

Ken
    $200 20
daisy

Ken
    $200 26
the Hotel California

Ken
    $200 11
Poland

Jennifer
    $400 17
the U.N.

Ken
    $400 7
constellations

Ken
    $400 2
plutonium

Ken
    $400 22
a pear

Robert
    $400 27
Cole Porter

Ken
    $400 12
Danzig

Ken
    $600 18
(Jennifer: What is Hiroshima?)

Nagasaki

KenJennifer
    $600 8
the Central Intelligence Agency

Robert
    $600 3
Franco

Ken
    $600 23
the Cape of Good Hope

Ken
    $600 28
Tommy

Robert
    $2,000 13
the Baltic

Ken
    $800 19
(Norman) Rockwell

Robert
    $800 9
the patella

Ken
    $800 4
(Robert: ...Adams--who's Adams?)

William Henry Harrison

KenRobert
    $800 24
bananas

Jennifer
    $800 29
"Livin' La Vida Loca"

Ken
    $800 14
the League of Nations

Jennifer
    $1000 21
Blair House

Ken
    $1000 10
tortellini

Ken
    $1000 5
Vishnu

Ken
    $1000 25
avocados

Ken
    $1000 30
(Alex: Oh, you knew it, Ken, but you were reluctant.)
[Ken nods]

Jimmy Buffett

Triple Stumper
    $1000 15
the Vistula

Triple Stumper

Scores at the first commercial break (after clue 15):

Ken Robert Jennifer
$7,800 -$200 $1,000

Scores at the end of the Jeopardy! Round:

Ken Robert Jennifer
$13,000 $1,600 $1,400

Double Jeopardy! Round responses

YOUR HITTITE PARADE
(Alex: The classic Star Wars trilogy came out on DVD for the first time ever, and we have an entire category devoted to...)
STAR WARS
GRAY'S ANATOMY
CALIFORNIA DREAMIN'
PULITZER PRIZE-WINNING PLAYS
BEFORE & AFTER
    $400 1
Ankara

Ken
    $400 12
Darth Vader

Robert
    $400 17
the mandible

Robert
    $400 20
pistachios

Ken
    $400 2
(Ken: What is Murder?)

Roses

KenRobert
    $400 7
Benedict Arnold Schwarzenegger

Jennifer
    $800 13
droid

Ken
    $800 18
(Ken: What is the, uh, uh, radius?)

the humerus

Ken
Triple Stumper
    $800 23
the Gold Rush

Ken
    $800 3
Man-in-the-Moon Marigolds

Ken
    $800 8
Proud Mary Baker Eddy

Ken
    $5,200 27
(Ken: What is Bronze?)

the Iron Age

Ken
    $1200 14
Han & Luke

Ken
    $1,000 19
(Alex: Robert?)
(Robert: I don't know.)

the femoral artery

Robert
    $1200 24
Brandi Chastain

Ken
    $1200 4
of the August Moon

Ken
    $1200 9
Babe Ruth Bader Ginsburg

Ken
    $1600 28
[The end-of-round signal sounds.]

Ramses the Great

Triple Stumper
    $1600 15
a Wookiee

Ken
    $1600 21
arches

Triple Stumper
    $1600 25
Napa

Ken
    $1600 5
(Robert: What is Bus Stop?)
(Ken: What is... Come Back, Little Sheba?)

Picnic

KenRobert
Triple Stumper
    $1600 10
Men are from Mars, Women are from Venus Williams

Ken
    $2000 16
protocol

Ken
    $2000 22
spleen

Triple Stumper
    $2000 26
the Huntington Library

Triple Stumper
    $2000 6
Mother

Ken
    $2000 11
Ragged Dick Cheney

Ken

Scores at the end of the Double Jeopardy! Round:

Ken Robert Jennifer
$24,600 $200 $1,800
(lock game)

[wagering suggestions for these scores]

Final Jeopardy! Round responses

COMPANY ORIGINS
RobertWhat is ?
$199
JenniferWhat is Land's End?
$500
KenWhat is Fossil?
$5,400
Shell Oil

Final scores:

Ken Robert Jennifer
$19,200 $1 $1,300
69-day champion: $2,325,001 3rd place: $1,000 2nd place: $2,000

Game dynamics:

Coryat scores:

Ken Robert Jennifer
$28,400 $1,200 $1,800
36 R
(including 1 DD),
4 W
(including 1 DD)
7 R,
3 W
(including 1 DD)
5 R,
1 W

Combined Coryat: $31,400

The J! Archive is created by fans, for fans. The Jeopardy! game show and all elements thereof, including but not limited to copyright and trademark thereto, are the property of Jeopardy Productions, Inc. and are protected under law. This website is not affiliated with, sponsored by, or operated by Jeopardy Productions, Inc. Join the discussion at JBoard.tv.